Alle Pokémon - Videospiele - Statistiken

Allgemein
  • Dieses Quiz wurde 293 mal gespielt
  • Das Durchschnittsergebnis liegt bei 37 aus 141
Antwortstatistiken
Erscheinungsjahr Plattform Videospiel % Korrekt
🇺🇸 1998🇪🇺 1999 Game Boy Pokemon Rote Edition
97%
🇺🇸 1998🇪🇺 1999 Game Boy Pokemon Blaue Edition
95%
🇯🇵 🇺🇸 🇪🇺 2016 Android / iOS Pokemon GO
93%
🇯🇵 1998🇺🇸 1999 🇪🇺 2000 GBC Pokemon Gelbe Edition
91%
🇯🇵 🇺🇸 🇪🇺 2021 Switch Pokemon Strahlender Diamant
83%
🇯🇵 🇺🇸 🇪🇺 2013 3DS Pokemon X
83%
🇯🇵 🇺🇸 🇪🇺 2013 3DS Pokemon Y
83%
🇯🇵 2006🇺🇸 🇪🇺 2007 DS Pokemon Diamant Edition
82%
🇯🇵 2010🇺🇸 🇪🇺 2011 DS Pokémon Schwarze Edition
82%
🇯🇵 2010🇺🇸 🇪🇺 2011 DS Pokemon Weiße Edition
82%
🇯🇵 1999🇺🇸 2000 🇪🇺 2001 GBC Pokemon Goldene Edition
81%
🇯🇵 1999🇺🇸 2000 🇪🇺 2001 GBC Pokemon Silberne Edition
81%
🇯🇵 2006🇺🇸 🇪🇺 2007 DS Pokemon Perl Edition
80%
🇯🇵 2002🇺🇸 🇪🇺 2003 GBA Pokemon Rubin Edition
80%
🇯🇵 2002🇺🇸 🇪🇺 2003 GBA Pokemon Saphir Edition
78%
🇯🇵 🇺🇸 🇪🇺 2019 Switch Pokemon Schild
77%
🇯🇵 🇺🇸 🇪🇺 2019 Switch Pokemon Schwert
76%
🇯🇵 🇺🇸 🇪🇺 2016 3DS Pokemon Mond
75%
🇯🇵 🇺🇸 🇪🇺 2004 GBA Pokemon Blattgrüne Edition
74%
🇯🇵 2004🇺🇸 🇪🇺 2005 GBA Pokemon Smaragd Edition
74%
🇯🇵 🇺🇸 🇪🇺 2016 3DS Pokemon Sonne
74%
🇯🇵 🇺🇸 🇪🇺 2022 Switch Pokemon Purpur
73%
🇯🇵 🇺🇸 🇪🇺 2004 GBA Pokemon Feuerrote Edition
72%
🇯🇵 🇺🇸 🇪🇺 2022 Switch Pokemon Karmesin
71%
🇯🇵 🇺🇸 🇪🇺 2012 DS / 3DS Pokemon Weiße Edition 2
69%
🇯🇵 2008🇺🇸 🇪🇺 2009 DS Pokemon Platin Edition
68%
🇯🇵 🇺🇸 🇪🇺 2012 DS / 3DS Pokemon Schwarze Edition 2
68%
🇯🇵 🇺🇸 🇪🇺 2018 Switch Pokemon - Lets Go Pikachu
64%
🇯🇵 2009🇺🇸 🇪🇺 2010 DS Pokemon SoulSilver
61%
🇯🇵 🇺🇸 🇪🇺 2022 Switch Pokemon Legenden - Arceus
60%
🇯🇵 🇺🇸 🇪🇺 2018 Switch Pokemon - Lets Go Evoli
59%
🇯🇵 🇺🇸 🇪🇺 2017 3DS Pokemon Ultramond
59%
🇯🇵 🇺🇸 🇪🇺 2017 3DS Pokemon Ultrasonne
59%
🇯🇵 2009🇺🇸 🇪🇺 2010 DS Pokemon HeartGold
58%
🇯🇵 🇺🇸 🇪🇺 2014 3DS Pokemon Alpha Saphir
57%
🇯🇵 🇺🇸 🇪🇺 2014 3DS Pokemon Omega Rubin
57%
🇯🇵 🇺🇸 🇪🇺 2021 Switch Pokemon Leuchtende Perle
56%
🇯🇵 2000🇺🇸 🇪🇺 2001 GBC Pokemon Kristall Edition
53%
🇯🇵 1998 | 🇯🇵 1999🇺🇸 🇪🇺 2000 N64 Pokemon Stadium
52%
🇯🇵 🇺🇸 1999🇪🇺 2000 N64 Pokemon Snap
48%
🇯🇵 🇺🇸 2006🇪🇺 2007 DS Pokemon Ranger
41%
🇯🇵 2000🇺🇸 🇪🇺 2001 N64 Pokemon Stadium 2
34%
🇯🇵 2003🇺🇸 🇪🇺 2004 GameCube Pokemon Colosseum
30%
🇯🇵 🇺🇸 🇪🇺 2023 Android /iOS Pokemon Sleep
29%
🇯🇵 2005🇺🇸 🇪🇺 2006 DS / GBA Pokemon Mystery Dungeon - Team Blau
27%
🇯🇵 2005🇺🇸 🇪🇺 2006 DS / GBA Pokemon Mystery Dungeon - Team Rot
27%
🇯🇵 🇺🇸 🇪🇺 2009 Wii Pokemon Rumble
27%
🇯🇵 1998🇺🇸 🇪🇺 2000 GBC Pokemon Trading Card Game
26%
🇯🇵 🇺🇸 🇪🇺 2021 Android /iOS /Switch Pokemon UNITE
26%
🇯🇵 🇺🇸 1999🇪🇺 2000 GBC Pokemon Pinball
25%
🇯🇵 🇺🇸 🇪🇺 2020 Switch /Android /iOS Pokemon HOME
24%
🇯🇵 2015🇺🇸 🇪🇺 2016 Wii U Pokemon Tekken
22%
🇯🇵 2007🇺🇸 🇪🇺 2008 DS Pokemon Mystery Dungeon - Erkundungsteam Zeit
20%
🇯🇵 🇺🇸 🇪🇺 2021 Switch New Pokemon Snap
17%
🇯🇵 🇺🇸 🇪🇺 2009 DS Pokemon Mystery Dungeon - Erkundungsteam Himmel
16%
🇯🇵 2007🇺🇸 🇪🇺 2008 DS Pokemon Mystery Dungeon - Erkundungsteam Dunkelheit
15%
🇯🇵 🇺🇸 🇪🇺 2018 Switch / Android / iOS Pokemon Quest
15%
🇯🇵 2011🇺🇸 🇪🇺 2012 Wii PokePark 2 - Die Dimension der Wünsche
15%
🇯🇵 2016/ 2018🇺🇸 🇪🇺 2018 3DS Meisterdetektiv Pikachu
14%
🇯🇵 🇺🇸 🇪🇺 2014 3DS Pokemon Bank
14%
🇯🇵 🇺🇸 2015🇪🇺 2016 3DS Pokemon Super Mystery Dungeon
13%
🇯🇵 🇺🇸 🇪🇺 2020 Switch Pokemon Mystery Dungeon - Retterteam DX
12%
🇯🇵 🇺🇸 🇪🇺 2015 3DS / Android / iOS Pokemon Shuffle
12%
🇯🇵 2006🇺🇸 🇪🇺 2007 Wii Pokemon Battle Revolution
11%
🇯🇵 🇺🇸 🇪🇺 2008 DS Pokemon Ranger - Finsternis über Almia
11%
🇯🇵 🇺🇸 🇪🇺 2005 GameCube Pokémon XD - Der Dunkle Sturm
11%
🇯🇵 2009🇺🇸 🇪🇺 2010 Wii PokePark Wii - Pikachus großes Abenteuer
11%
🇯🇵 🇺🇸 🇪🇺 2017 Android / iOS Pokemon - Karpador Jump
10%
🇯🇵 🇺🇸 🇪🇺 2020 Android /iOS /Switch Pokemon Café ReMix
9%
🇯🇵 🇺🇸 2003🇪🇺 2004 GameCube Pokemon Channel
9%
🇯🇵 1999 SNES Picross NP Vol. 1
7%
🇯🇵 1996 Game Boy Pocket Monsters Aka & Midori
7%
🇯🇵 2004🇺🇸 🇪🇺 2005 DS Pokemon Dash
7%
🇯🇵 🇺🇸 🇪🇺 2019 Android / iOS Pokemon Masters EX
7%
🇯🇵 🇺🇸 🇪🇺 2010 DS Pokemon Ranger - Spuren des Lichts
7%
🇯🇵 🇺🇸 🇪🇺 2017 Switch Pokemon Tekken DX
7%
🇯🇵 🇺🇸 🇪🇺 1999 N64 Super Smash Bros.
7%
🇯🇵 🇺🇸 🇪🇺 2008 Wii Super Smash Bros. Brawl
7%
🇺🇸 2023 Switch Meisterdetektiv Pikachu kehrt zurück
6%
🇯🇵 1996 | 🇯🇵 1999 Game Boy Pocket Monsters Ao
6%
🇯🇵 🇺🇸 🇪🇺 2012 DS Pokemon Conquest
6%
🇯🇵 🇺🇸 🇪🇺 2013 Wii U Pokemon Rumble U
6%
🇯🇵 🇺🇸 🇪🇺 2015 3DS Pokemon Rumble World
6%
🇯🇵 🇺🇸 🇪🇺 2020 Android /iOS Pokemon Smile
6%
🇯🇵 🇺🇸 2001🇪🇺 2002 GameCube Super Smash Bros. Melee
6%
🇯🇵 🇺🇸 🇪🇺 2003 GBA Pokemon Pinball Rubin & Saphir
5%
🇺🇸 🇪🇺 2011 PC / Android / iOS Pokemon Sammelkartenspiel Online
5%
🇯🇵 🇺🇸 🇪🇺 2018 Switch Super Smash Bros. Ultimate
5%
🇯🇵 1998🇺🇸 2000 N64 Hey You Pikachu
4%
🇯🇵 🇺🇸 🇪🇺 2012 iOS Pokedex iOS
4%
🇯🇵 2005🇺🇸 🇪🇺 2006 DS Pokemon Link
4%
🇯🇵 2012🇺🇸 🇪🇺 2013 3DS Pokemon Mystery Dungeon - Portale in die Unendlichkeit
4%
🇺🇸 2000🇪🇺 2001 N64 Pokemon Puzzle League
4%
🇯🇵 🇪🇺 2002 Pokémon mini Pokemon Tetris
4%
🇯🇵 🇺🇸 🇪🇺 2012 3DS Pokemon Traumradar
4%
🇯🇵 2011🇪🇺 2012 DS Lernen mit Pokemon - Tasten-Abenteuer
3%
🇯🇵 🇺🇸 🇪🇺 2008 Wii My Pokemon Ranch
3%
🇯🇵 🇺🇸 🇪🇺 2011 3DS Pokedex 3D
3%
🇯🇵 🇺🇸 🇪🇺 2014 3DS Pokemon Art Academy
3%
🇯🇵 2017 /2019🇺🇸 🇪🇺 2019 Android / iOS Pokemon Rumble Rush
3%
🇺🇸 🇪🇺 2023 PC /Android /iOS Pokémon Sammelkartenspiel Live
3%
🇯🇵 🇺🇸 🇪🇺 2011 3DS Super Pokemon Rumble
3%
🇯🇵 🇺🇸 🇪🇺 2012 3DS Pokedex 3D Pro
2%
🇯🇵 2003🇺🇸 🇪🇺 2004 GameCube Pokemon Box - Rubin & Saphir
2%
🇯🇵 2001 GBC Pokemon Card GB 2 - GR-dan Sanjou!
2%
🇯🇵 2016🇺🇸 🇪🇺 2017 Android / iOS Pokemon Duel
2%
🇯🇵 🇺🇸 2000🇪🇺 2001 GBC Pokemon Puzzle Challenge
2%
🇺🇸 🇪🇺 2017 Android / iOS Pokémon Spielhaus
2%
🇯🇵 🇺🇸 🇪🇺 2014 3DS PokeMover
2%
🇯🇵 🇺🇸 🇪🇺 2014 3DS / Wii U Super Smash Bros. 3DS Wii U
2%
🇯🇵 2007 Arcade Pokemon Battrio
1%
🇯🇵 2002 Pokémon mini Pokemon Breeder mini
1%
🇯🇵 🇺🇸 🇪🇺 2014 /2016 iOS / Android Pokemon Ferienlager
1%
🇯🇵 2009 Wii Pokemon Fushigi no Dungeon - Susume! Hono no Bokendan
1%
🇯🇵 🇺🇸 🇪🇺 2015 Android Pokemon Jukebox
1%
🇯🇵 🇺🇸 2001🇪🇺 2002 Pokémon mini Pokemon Party mini
1%
🇺🇸 2019 Android / iOS Pokemon Pass
1%
🇯🇵 🇺🇸 2001🇪🇺 2002 Pokémon mini Pokemon Pinball mini
1%
🇺🇸 2000🇪🇺 1999 PC Pokemon Play It
1%
🇯🇵 🇺🇸 2001🇪🇺 2002 Pokémon mini Pokemon Puzzle Collection
1%
🇯🇵 2002 Pokémon mini Pokemon Race mini
1%
🇯🇵 2015 Android / iOS Odoru Pokemon Ongakutai
0%
🇯🇵 2002 Pokémon mini Pichu Bros. mini
0%
🇯🇵 2006 Handy Pokemate
0%
🇯🇵 2011 DS Pokemon Card Game Asobikata DS
0%
🇯🇵 🇺🇸 🇪🇺 2016 iOS / Android Pokemon Fotobude
0%
🇯🇵 2011 Android / iOS Pokemon Ie Tap
0%
🇯🇵 🇺🇸 🇪🇺 2014 3DS Pokemon Link - Battle
0%
🇺🇸 2004 PC Pokemon Masters Arena
0%
🇯🇵 🇺🇸 🇪🇺 2015 3DS Pokemon Picross 3DS
0%
🇺🇸 🇪🇺 2000 PC Pokemon Play It! Version 2
0%
🇯🇵 2002 Pokémon mini Pokemon Puzzle Collection Vol. 2
0%
🇯🇵 2013 3DS Pokemon TRETTA Lab
0%
🇯🇵 2005 DS Pokemon Tsuri Taikai DS
0%
🇯🇵 🇺🇸 2001🇪🇺 2002 Pokémon mini Pokemon Zany Cards
0%
🇯🇵 2009 Handy Pukurin no Guild Minarai Mihariban
0%
🇯🇵 2002 Pokémon mini Togepi no Daiboken
0%
🇯🇵 2014 3DS Tozoku to Senbiki no Pokemon
0%
🇯🇵 🇺🇸 🇪🇺 2012 PC / Mac /Android / iOS Victinis V-Rad-Dungeon
0%
Keine übereinstimmenden Quizze gefunden
Verteilung der Resultate
Anzahl Personen mit jedem Resultat
Perzentil nach korrekt beantworteten Fragen
Ihre Resultats-Entwicklung
Sie haben dieses Quiz noch nicht gespielt